Catálogo

Interacciones farmacológicas : (Registro nro. 63605)

Detalles MARC
000 -LEADER
fixed length control field 00726nam a2200217 a 4500
001 - CONTROL NUMBER
control field 63605
005 - DATE AND TIME OF LATEST TRANSACTION
control field 20180714070114.0
008 - FIXED-LENGTH DATA ELEMENTS--GENERAL INFORMATION
fixed length control field 150928s2010 mx a r 000 0 spa d
020 ## - INTERNATIONAL STANDARD BOOK NUMBER
International Standard Book Number 9789709793048
041 0# - LANGUAGE CODE
Language code of text/sound track or separate title spa
082 0# - DEWEY DECIMAL CLASSIFICATION NUMBER
Classification number 615.78
Item number MOL
100 1# - MAIN ENTRY--PERSONAL NAME
Personal name Molina Covarrubias, Juan Carlos
Relator term autor
245 10 - TITLE STATEMENT
Title Interacciones farmacológicas :
Remainder of title psicofarmacología /
Statement of responsibility, etc. Juan Carlos Molina Covarrubias, Silvia L. Cruz Martín del Campo.
250 ## - EDITION STATEMENT
Edition statement Primera edición
264 #1 - PRODUCTION, PUBLICATION, DISTRIBUTION, MANUFACTURE, AND COPYRIGHT NOTICE
Place of production, publication, distribution, manufacture México :
Name of producer, publisher, distributor, manufacturer Elsevier,
Date of production, publication, distribution, manufacture, or copyright notice 2010
300 ## - PHYSICAL DESCRIPTION
Extent 243 páginas :
Other physical details ilustraciones ;
Dimensions 24 cm.
336 ## - CONTENT TYPE
Content type term texto
Source rdacontent
337 ## - MEDIA TYPE
Media type term sin mediación
Source rdamedia
338 ## - CARRIER TYPE
Carrier type term volumen
Source rdacarrier
650 #4 - SUBJECT ADDED ENTRY--TOPICAL TERM
Topical term or geographic name entry element Psicofarmacología
Existencias
Withdrawn status Lost status Source of classification or shelving scheme Damaged status Not for loan Collection code Home library Current library Shelving location Date acquired Source of acquisition Inventory number Total Checkouts Total Renewals Full call number Barcode Date last seen Date last checked out Price effective from Koha item type
    Dewey Decimal Classification     General Biblioteca Karol Wojtyla Biblioteca Karol Wojtyla Sala general 28/09/2015 Compra 151000000000000000015355 7 2 615.78 MOL 2010 94585 25/03/2026 27/02/2023 22/02/2017 Libro